How to conduct and analyze real estate market and feasibility studies / (Record no. 66918)
[ view plain ]
| 000 -LEADER | |
|---|---|
| fixed length control field | 00783cam a2200241 a 4500 |
| 001 - CONTROL NUMBER | |
| control field | 1841661 |
| 003 - CONTROL NUMBER IDENTIFIER | |
| control field | BD-DhUL |
| 005 - DATE AND TIME OF LATEST TRANSACTION | |
| control field | 20160517180450.0 |
| 008 - FIXED-LENGTH DATA ELEMENTS--GENERAL INFORMATION | |
| fixed length control field | 810128s1982 nyua b 001 0 eng |
| 020 ## - INTERNATIONAL STANDARD BOOK NUMBER | |
| International Standard Book Number | 0442225687 |
| 040 ## - CATALOGING SOURCE | |
| Original cataloging agency | DLC |
| Transcribing agency | BD-DhUL |
| Modifying agency | BD-DhUL |
| 082 ## - DEWEY DECIMAL CLASSIFICATION NUMBER | |
| Classification number | 332.6324 |
| Item number | BAH |
| 100 1# - MAIN ENTRY--PERSONAL NAME | |
| Personal name | Barrett, G. Vincent. |
| 245 10 - TITLE STATEMENT | |
| Title | How to conduct and analyze real estate market and feasibility studies / |
| Statement of responsibility, etc. | G. Vincent Barrett, John P. Blair. |
| 260 ## - PUBLICATION, DISTRIBUTION, ETC. (IMPRINT) | |
| Place of publication, distribution, etc. | New York : |
| Name of publisher, distributor, etc. | Van Nostrand Reinhold Co., |
| Date of publication, distribution, etc. | 1982. |
| 300 ## - PHYSICAL DESCRIPTION | |
| Extent | xvii, 322 p. : |
| Other physical details | ill. ; |
| Dimensions | 24 cm. |
| 504 ## - BIBLIOGRAPHY, ETC. NOTE | |
| Bibliography, etc | Includes bibliographical references and index. |
| 650 #0 - SUBJECT ADDED ENTRY--TOPICAL TERM | |
| Topical term or geographic name as entry element | Real estate development. |
| 650 #0 - SUBJECT ADDED ENTRY--TOPICAL TERM | |
| Topical term or geographic name as entry element | Feasibility studies. |
| 700 1# - ADDED ENTRY--PERSONAL NAME | |
| Personal name | Blair, John P., |
| Dates associated with a name | 1947- |
| 740 0# - ADDED ENTRY--UNCONTROLLED RELATED/ANALYTICAL TITLE | |
| Uncontrolled related/analytical title | Feasibility studies. |
| 942 ## - ADDED ENTRY ELEMENTS (KOHA) | |
| Source of classification or shelving scheme | |
| Koha item type | Books |
| Price effective from | Date last seen | Permanent Location | Not for loan | Date acquired | Source of classification or shelving scheme | Koha item type | Lost status | Withdrawn status | Source of acquisition | Collection code | Damaged status | Shelving location | Barcode | Current Location | Full call number |
|---|---|---|---|---|---|---|---|---|---|---|---|---|---|---|---|
| 2016-05-17 | 2016-05-17 | Dhaka University Library | 2016-05-17 | Books | Purchesed | Non Fiction | General Stacks | A250517 | Dhaka University Library | 332.6324 BAH |
